| 000 | 00360nam a2200133Ia 4500 | ||
|---|---|---|---|
| 008 | 230907s9999||||xx |||||||||||||| ||und|| | ||
| 082 |
_a895.1808 _bHEN |
||
| 100 | _aHeng, Liang. | ||
| 245 | 0 | _aChina Manifested in Trees / | |
| 260 |
_aForeign Languages Press, _bBeijing : _c2019 |
||
| 300 | _aiii, 282 p. : | ||
| 650 |
_aChinese Studies _9116214 |
||
| 942 | _cBK | ||
| 999 |
_c601633 _d601633 |
||